The way to get wealth : I. directing how to make 23 sorts of English wine ... II. a help to discourse, giving an account of the commodities of all countries ... III. a book of knowledge for all persons ...

Bibliographic Details
Main Author: Lupton, Thomas
Format: eBook
Language:English
Edition:The 2nd ed. enl.
Series:Making of the modern world (Goldsmiths'-Kress Library of Economic Literature)
Subjects:
Online Access:Connect to the full text of this electronic book

MARC

Tag First Indicator Second Indicator Subfields
LEADER 00000cam a2200000La 4500
001 in00002318421
005 20190326193758.0
006 m | d |
007 cr |n||||||||n
008 880114s1706 enk s 000 0 eng d
040 |a GKS  |c GKS  |d OCL  |d OCLCQ  |d Thomson Gale  |d UtOrBLW 
100 1 |a Lupton, Thomas. 
245 1 4 |a The way to get wealth :  |b I. directing how to make 23 sorts of English wine ... II. a help to discourse, giving an account of the commodities of all countries ... III. a book of knowledge for all persons ... 
250 |a The 2nd ed. enl. 
264 3 |a London :  |b Printed for G. Conyers ...,  |c 1706. 
300 |a 84 pages 
336 |a text  |b txt  |2 rdacontent 
337 |a computer  |b c  |2 rdamedia 
338 |a online resource  |b cr  |2 rdacarrier 
500 |a Advertisement: page [2]. 
500 |a Reproduction of original from Goldsmiths' Library, University of London. 
500 |a Goldsmiths'-Kress number 04335. 
510 4 |a OCLC,  |c 20882931 
533 |a Electronic reproduction.  |b Farmington Hills, Mich. :  |c Thomson Gale,  |d 2005.  |f (The making of the modern world).  |n Available via the World Wide Web.  |n Access limited to licensing agreements.  |7 s2005 miunns 
500 |a Electronic resource. 
650 0 |a Formulas, recipes, etc.  |v Early works to 1800. 
650 0 |a Handbooks, vade-mecums, etc.  |v Early works to 1800. 
655 0 |a Electronic books. 
830 0 |a Making of the modern world (Goldsmiths'-Kress Library of Economic Literature) 
856 4 0 |u http://proxy.library.tamu.edu/login?url=http://galenet.galegroup.com/servlet/MOME?af=RN&ae=U105821913&srchtp=a&ste=14&locID=txshracd2898  |z Connect to the full text of this electronic book  |t 0 
999 |a MARS 
999 f f |s d7215455-4c95-383d-9218-dbb672259ba8  |i 9396df2e-a46a-3586-be12-3efeae7563eb  |t 0 
952 f f |a Texas A&M University  |b College Station  |c Electronic Resources  |d Available Online  |t 0  |h No information provided 
998 f f |t 0  |l Available Online